000 00750nam a2200229 4500
003 OSt
005 20240701064440.0
006 a
008 240701b |||||||| |||| 00| 0 eng d
020 _a9789715741477
040 _aDWCL-Main lib.
_cOC
082 _2Second edition
_aFil. 302.2242 G984o 2009
100 _aGutierrez-Ang, Jaime
245 _aOral communication : a content-based and learning-centered text manual in speech communication /
250 _aSecond edition
260 _aQuezon City :
_bKatha pub. Co. , Inc. ,
_cc2009.
300 _ax,
_b165 p. ; ill. ;
_c26 cm.
504 _aIncludes bibliographical references.
650 _a1. Speech.
650 _a2. Communication.
942 _2ddc
_n0
_cBK - FIL
_eSecond edition
_kFil.
999 _c1719
_d1719